La Idea de la Historia (Síntesis) /
Guardado en:
| 主要作者: | |
|---|---|
| 格式: | 圖書 |
| 語言: | 西班牙语 |
| 出版: |
México :
Universidad Iberoamericana,
1974
|
| 主題: | |
| 標簽: |
沒有標簽, 成為第一個標記此記錄!
|
MARC
| LEADER | 00000nam^a2200000^a^4500 | ||
|---|---|---|---|
| 001 | 000017703 | ||
| 005 | 20250521000000.0 | ||
| 009 | 20260310084151.083 | ||
| 037 | |a Acervo ITESO - Biblioteca | ||
| 041 | |a ESP | ||
| 082 | |a 907. 2 |b CAC | ||
| 100 | |a Cacho Vázquez, Xavier |e (autor) | ||
| 245 | 1 | 3 | |a La Idea de la Historia (Síntesis) / |c J. Cacho Vázquez. |
| 264 | 1 | |a México : |b Universidad Iberoamericana, |c 1974 | |
| 300 | |a 138 p. | ||
| 336 | |a texto |b txt |2 rdacontenido | ||
| 337 | |a sin mediación |b n |2 rdamedio | ||
| 338 | |a volumen |b nc |2 rdasoporte | ||
| 649 | |a XX | ||
| 650 | |a Historia | ||
| 910 | |a Fondo General | ||
| 920 | |a Impresos - Libros | ||
| 930 | |a Colección General | ||
| 905 | |a 101 | ||
| 901 | |a 0177030100 |b IT1 |c ACC |i 017703 |u 20250521 | ||
| 902 | |a https://opac.biblio.iteso.mx/vufind/Record/000017703 | ||